| 000 | 00825cam a2200217 4500 | ||
|---|---|---|---|
| 001 | WB3602-02 | ||
| 008 | 000000n2000 000 0 eng u | ||
| 035 | _a(Sirsi) u103498 | ||
| 245 | _aHedge control | ||
| 260 | _c2000 | ||
| 490 |
_aTimes _v8 January 2000, 2.9(2) |
||
| 520 | _aAdvises that education not legislation is the way to deal with leylandii hedges. People are simply not aware of the amount of work involved in maintaining leylandii and ensuring they remain at a reasonable height. Table. Hedgeline Support Group can be contacted at: http://freespace.virgin.net/clare.h/hdg2NewLegi.htm | ||
| 590 | _aWB | ||
| 650 | _aLEYLANDII HEDGES | ||
| 650 | _aRIGHT TO LIGHT | ||
| 650 | _aHEDGES | ||
| 650 |
_aBoundary disputes _96221 |
||
| 650 | _aHEDGELINE | ||
| 690 |
_aBoundary disputes _96221 |
||
| 942 | _n0 | ||
| 999 |
_c62178 _d62178 |
||